Gaming Quiz

Random Gaming or Pokémon Quiz

Find Five: Gaming Quiz Stats

 Plays Quiz Updated Oct 4, 2018

Score 0/50 Timer 06:00
0 Plays Today
% Correct
Queen
97.5%
Bishop
97.5%
Knight
97.3%
Pawn
96.7%
Rook
94.6%
Blackjack
89.8%
Luigi
89.3%
Modern Warfare
86.4%
Bridge
86.3%
Yoshi
86.1%
Bulbasaur
85.2%
Spades
84.9%
Squirtle
84.6%
Black Ops
84.6%
Infinite Warfare
83.8%
Gin Rummy
83.8%
Princess Peach
83.2%
Toad
83.1%
The Adventure of Link
82.7%
Psyduck
81.3%
Ocarina of Time
76.1%
World at War
75.7%
Aerodactyl
75.6%
Koopa Troopa
74.6%
Cleric
73.8%
% Correct
Wizard
73.5%
Fighter
72.2%
Ranger
70.8%
Twilight Princess
69.5%
Traders & Barbarians
67.6%
Oracle of Seasons
66.7%
Majora's Mask
65.8%
Explorers & Pirates
64.4%
Paladin
61.5%
Cities & Knights
58%
First Alien Invasion
56.2%
Enemy Unknown
53.7%
Apocalypse
49.7%
Seafarers
46.9%
Dominion
45.7%
Seaking
44.8%
Carcassonne
43.9%
Terror from the Deep
42.9%
Ghosts
42.2%
Kingdom Builder
41.5%
Codenames
35.8%
Pontoon
35.6%
Interceptor
30.2%
Keltis
20.8%
Oil Springs
18.5%

You're not logged in!

Compare scores with friends on all Sporcle quizzes.
OR
Log In

Sporcle TV

Today on Sporcle TV


Watch our educational content, quiz creation guides, and fun videos on Sporcle TV.

Show Comments

Extras

Top Quizzes Today


Score Distribution

Your Account Isn't Verified!

In order to create a playlist on Sporcle, you need to verify the email address you used during registration. Go to your Sporcle Settings to finish the process.

Report this User

Report this user for behavior that violates our Community Guidelines.

Details: